Propiedades de ingeniería de suelos del área metropolitana a partir de pruebas de carga
Guardado en:
| Hovedforfatter: | |
|---|---|
| Andre forfattere: | |
| Format: | Bog |
| Udgivet: |
[San José , Costa Rica]
1995
|
| Fag: | |
| Tags: |
Tilføj Tag
Ingen Tags, Vær først til at tagge denne postø!
|
MARC
| LEADER | 00000nam a2200000Ia 4500 | ||
|---|---|---|---|
| 003 | 007658 | ||
| 005 | 20240821133305.0 | ||
| 008 | 140114s1995 cr a m 000 ||s d | ||
| 040 | |c cru CEDI | ||
| 090 | |a TFG 3270 | ||
| 100 | |a Aguilar Vega, Luis Alonso, 1968- |9 3573 | ||
| 245 | |a Propiedades de ingeniería de suelos del área metropolitana a partir de pruebas de carga | ||
| 260 | |a [San José , Costa Rica] |c 1995 | ||
| 300 | |a vii, 107 hojas : ilustraciones | ||
| 500 | |a Proyecto de graduación (licenciatura en ingeniería civil)--Universidad de Costa Rica. Facultad de Ingeniería. Escuela de Ingeniería Civil | ||
| 501 | |a Director de Proyecto de Graduación: Ing. Sergio Sáenz Aguilar, M.Sc. | ||
| 650 | |x MECANICA DE SUELOS |9 10750 | ||
| 700 | |a Sáenz Aguilar, Sergio Antonio, 1957- |d Director del TFG |9 1448 | ||
| 942 | |c TFG |h TFG 3270 |i 007658 |6 TFG_3270_007658000000000 | ||
| 999 | |c 19401 |d 19401 | ||
